000 00430nam a2200181Ia 4500
001 16608
005 20260306170322.0
008 260306t2018||||xx |||||||||||||| ||und||
041 _aESP
082 _a348.81
_bJ54
100 _aJiménez Coronado, Ludmin Gustavo
_eAUT
245 0 _aSubsidios:
_bESSALUD
260 _c2018
300 _a63 páginas :
_c24 cm.
650 _aGEN
654 _aCDE
942 _cLIB
_dJUS
_fJUS
_2ddc
_n
999 _c16608
_d16608